Yatrikuni Prayanamu, Pilgrim`s Progress (Record no. 9290)

MARC details
000 -LEADER
fixed length control field 00584nam a2200241 a 4500
020 ## - INTERNATIONAL STANDARD BOOK NUMBER
ISBN
082 00 - DEWEY DECIMAL CLASSIFICATION NUMBER
Classification number 220.9505
Author Cutter BUN
100 ## - MAIN ENTRY--AUTHOR NAME
Author name Bunyan, John
245 ## - TITLE STATEMENT
Title Yatrikuni Prayanamu, Pilgrim`s Progress
260 ## - PUBLICATION, DISTRIBUTION, ETC. (IMPRINT)
Place of publication Madras
Name of publisher India Bible Literature
Year of publication 1989
300 ## - PHYSICAL DESCRIPTION
Number of Pages 265p
500 ## - GENERAL NOTE
General note includes index and biblioraphy
505 2# - FORMATTED CONTENTS NOTE
Formatted contents note index
650 ## - SUBJECT ADDED ENTRY--TOPICAL TERM
Topical Term Bible Stories
942 ## - ADDED ENTRY ELEMENTS (KOHA)
Koha item type Books
700 1# -
-- Bunyan, John
Holdings
Collection code Home library Current library Date acquired Cost, normal purchase price Full call number Accession Number Koha item type
  Henry Martyn Institute Library Henry Martyn Institute Library 05/19/2008 100.00 220.9505 BUN 013333 Books
                   Copyright © 2026 | Henry Martyn Institute | Hyderabad | TS-500052 | INDIA | Implemented by hmi.edu.in
Hit-Count:

Powered by Koha